000 00559nam a22001937a 4500
999 _c28856
_d28855
003 OSt
005 20201009114418.0
008 201009b ||||| |||| 00| 0 eng d
020 _a1572591676
040 _aMMU
_beng
_cMMU
_dMMU
050 _aQD415.O846 2000
100 _aAsgood, Mercy
245 _aThe absolute,ultimate guide to lehninger principles of biochemistry:
_bStudy guide and solutions manual/
_cMercy Asgood
260 _aNew york:
_bWorth,
_c2000.
300 _aix220 p,;
650 _aGuide
700 _aKaren Ocorr
942 _2lcc
_cLOAN LOAN